000 00645nam a2200277Ia 4500
005 20260324140550.0
008 008 260324s9999 xx 000 0 eng d
020 _a9780203980019
037 _aEBOOK
040 _aCRL
040 _beng
040 _cCRL
041 _2eng
041 _aeng
084 _qCRL
100 _aWeilen P. Chang; Jay Yang
_91204890
245 0 _aBuilding Education and Research
260 _bTaylor and Francis
260 _c1998
365 _a
365 _b465
856 _uhttp://www.taylorfrancis.com/books/9780203980019
942 _cEBOOK
999 _c1807091
_d1807091